<?xml version='1.0' encoding='UTF-8'?>
  <record xmlns="http://www.loc.gov/MARC21/slim">
    <leader>00000cam a22000007i 4500</leader>
    <controlfield tag="001">ocm65380401</controlfield>
    <controlfield tag="003">OCoLC</controlfield>
    <controlfield tag="005">20250416234059.5</controlfield>
    <controlfield tag="008">900608s1704    gw            000 0 ger d</controlfield>
    <datafield tag="040" ind1=" " ind2=" ">
      <subfield code="a">NLGGC</subfield>
      <subfield code="b">dut</subfield>
      <subfield code="e">fobidrtb</subfield>
      <subfield code="c">NLGGC</subfield>
      <subfield code="d">OCLCO</subfield>
      <subfield code="d">OCLCA</subfield>
      <subfield code="d">OCLCL</subfield>
      <subfield code="d">OCLCQ</subfield>
    </datafield>
    <datafield tag="029" ind1="0" ind2=" ">
      <subfield code="a">NLGGC</subfield>
      <subfield code="b">062425315</subfield>
    </datafield>
    <datafield tag="035" ind1=" " ind2=" ">
      <subfield code="a">(OCoLC)65380401</subfield>
    </datafield>
    <datafield tag="041" ind1="1" ind2=" ">
      <subfield code="a">ger</subfield>
      <subfield code="h">ita</subfield>
    </datafield>
    <datafield tag="100" ind1="1" ind2=" ">
      <subfield code="a">Ripa, Cesare,</subfield>
      <subfield code="d">ca. 1560-ca. 1620.</subfield>
      <subfield code="1">https://id.oclc.org/worldcat/entity/E39PBJmtyGQBFGM9VjfDBPV6Kd</subfield>
    </datafield>
    <datafield tag="245" ind1="1" ind2="4">
      <subfield code="a">Der Kunst-Göttin Minerva liebreiche Entdeckung :</subfield>
      <subfield code="b">wie die Virtuosi alle Tugenden und Laster und was die vier Elementa begreiffen, sambt allen Künsten und Wissenschafften der Welt kunst-mässig und hieroglyphisch vorstellen sollen, damit die bissherige ignorante Fehler verhütet und die Zeichen- und Mahleren-Künste in höhern Aufnahm mögen gebracht werden /</subfield>
      <subfield code="c">aus deß berühmten Italianers Ripa Anleitung in das Teutsche übersetzet.</subfield>
    </datafield>
    <datafield tag="260" ind1=" " ind2=" ">
      <subfield code="a">Augspurg :</subfield>
      <subfield code="b">auf Unkosten Kroniger und Göbels Erben,</subfield>
      <subfield code="c">1704.</subfield>
    </datafield>
    <datafield tag="300" ind1=" " ind2=" ">
      <subfield code="a">VI, 295 p. :</subfield>
      <subfield code="b">ill. ;</subfield>
      <subfield code="c">17 cm.</subfield>
    </datafield>
    <datafield tag="336" ind1=" " ind2=" ">
      <subfield code="a">tekst</subfield>
      <subfield code="b">txt</subfield>
      <subfield code="2">rdacontent/dut</subfield>
    </datafield>
    <datafield tag="337" ind1=" " ind2=" ">
      <subfield code="a">zonder medium</subfield>
      <subfield code="b">n</subfield>
      <subfield code="2">rdamedia/dut</subfield>
    </datafield>
    <datafield tag="338" ind1=" " ind2=" ">
      <subfield code="a">band</subfield>
      <subfield code="b">nc</subfield>
      <subfield code="2">rdacarrier/dut</subfield>
    </datafield>
    <datafield tag="758" ind1=" " ind2=" ">
      <subfield code="a">Der Kunst-Göttin Minerva liebreiche Entdeckung (Text)</subfield>
      <subfield code="1">https://id.oclc.org/worldcat/entity/E39PCFv6HDfQWxWmpG7gDR9Q7b</subfield>
      <subfield code="4">https://id.oclc.org/worldcat/ontology/hasWork</subfield>
    </datafield>
    <datafield tag="765" ind1="0" ind2=" ">
      <subfield code="t">Iconologia.</subfield>
      <subfield code="d">Roma : heredi di Gio. Gigliotti, 1593</subfield>
    </datafield>
    <datafield tag="936" ind1=" " ind2=" ">
      <subfield code="a">BATCHLOAD</subfield>
    </datafield>
  </record>